| 000 | 00697nam a2200217 a 4500 | ||
|---|---|---|---|
| 005 | 20240228063824.0 | ||
| 008 | 991125s1991 mx 000 0 spa u | ||
| 020 | _a9681636708 | ||
| 035 | _aUPN01000006954 | ||
| 049 | _aI | ||
| 050 | 4 |
_aPZ71 _bA7.3 |
|
| 100 | 1 |
_aArciniegas, Triunfo, _d1957- _932433 |
|
| 245 | 1 | 4 |
_aLos casi bandidos que casi roban el sol : _by otras historias / _cTriunfo Arciniegas. |
| 260 |
_aMéxico : _bFCE, _c1991. |
||
| 300 |
_a39 p. : _bil. |
||
| 440 | 0 |
_aA la orilla del viento. _pPara los que empiezan a leer ; _v3 |
|
| 500 | _a"Para Lucila Duque" | ||
| 650 | 0 |
_aCuentos infantiles colombianos _94407 |
|
| 650 | 4 |
_aLibros y lectura para niños _92290 |
|
| 905 | _aInfantil | ||
| 999 |
_c6954 _d6954 |
||